UBT Library

The Blue helmets : (Record no. 320)

000 -LEADER
fixed length control field 00790cam a2200229 a 4500
005 - DATE AND TIME OF LATEST TRANSACTION
control field 20131114104831.0
008 - FIXED-LENGTH DATA ELEMENTS--GENERAL INFORMATION
fixed length control field 901213s1990 nyuab i000 0 eng d
020 ## - INTERNATIONAL STANDARD BOOK NUMBER
International Standard Book Number 9211004446
041 0# - LANGUAGE CODE
Language code of text/sound track or separate title eng
080 ## - UNIVERSAL DECIMAL CLASSIFICATION NUMBER
Universal Decimal Classification number 341
245 04 - TITLE STATEMENT
Title The Blue helmets :
250 ## -
-- 2nd ed.
260 ## -
-- New York :
-- United Nations Dept. of Public Information,
-- 1990.
300 ## -
-- xx, 449, [22] p. :
-- ill., maps ;
-- 23 cm.
500 ## -
-- Foreword by secretary-general : f. XV -XVIII
500 ## -
-- Foreword to the first edition : f. XIX-XX
500 ## -
-- United Nations publication sales no. E.90.I.18.
610 20 -
-- Kombet e Bashkuara
-- Forcat e armatosura
650 10 -
-- Paqja
710 2# -
-- United Nations.
-- Department of Public Information.
942 ## - ADDED ENTRY ELEMENTS (KOHA)
Source of classification or shelving scheme
Item type Books

No items available.

UBT Library © 2015-2024. All rights reserved University Education for Business and Technology